00903nam a22002297a 450000500170000001000150001702000260003202000240005803500130008203700130009508200180010824501050012626000530023127000380028430000260032250000510034852001010039965000470050065000560054765000480060370000220065120150513161407.0 aENG-112649 a9788179860854c350.00 a817986-085xc350.00 aEN-96181 bDBAD/PUB a 211.6095413300aSecularism and national integration :cedited by Bijayananda Karbwith special reference to Orissa / aShimlabIndian Institute of Advanced Studyc2011 aRashtrapati NivasbShimlae171005 axviii,156p.c22cm(Hb) aIncludes bibliographical references and index. a Papers presented at a national seminar and two colloquia held at IIAS, Shimla in 2005 and 2006. a Secularism zIndiazOrissa v Congresses. aReligion and politics zIndiazOrissa vCongresses. a Nationalism zIndia zOrissa vCongresses. aKar, Bijayananda